बड़ी दीदी (Record no. 6459)

MARC details
000 -LEADER
fixed length control field 01254 a2200253 4500
005 - DATE AND TIME OF LATEST TRANSACTION
control field 2008091109369.0
008 - FIXED-LENGTH DATA ELEMENTS--GENERAL INFORMATION
fixed length control field 080911t xxu||||| |||| 00| 0 hin d
010 ## - LIBRARY OF CONGRESS CONTROL NUMBER
LC control number HIN-80614
020 ## - INTERNATIONAL STANDARD BOOK NUMBER
International Standard Book Number 8188695041
Terms of availability 80.00
035 ## - SYSTEM CONTROL NUMBER
System control number HN-52960
037 ## - SOURCE OF ACQUISITION
Source of stock number/acquisition D.B.Act / pub
082 ## - DEWEY DECIMAL CLASSIFICATION NUMBER
Classification number
100 ## - MAIN ENTRY--PERSONAL NAME
Personal name चट्टोपाध्याय, शरतचन्द्र
245 ## - TITLE STATEMENT
Title बड़ी दीदी
Statement of responsibility, etc शरतचन्द्र चट्टोपाध्याय
246 ## - VARYING FORM OF TITLE
Title proper/short title Bari Didi
Remainder of title by Saratchandra Chattopadhyay
260 ## - PUBLICATION, DISTRIBUTION, ETC. (IMPRINT)
Place of publication, distribution, etc दिल्ली
Name of publisher, distributor, etc शिवालिक बुक्स
Date of publication, distribution, etc 2007
270 ## - ADDRESS
Address 10/119,भीष्म मार्ग, पटेल गली, विश्वास नगर,शाहदरा
City दिल्ली
Postal code 110032
300 ## - PHYSICAL DESCRIPTION
Extent 88पृ
Dimensions 22सेमी (सजिल्द)
500 ## - GENERAL NOTE
General note भारती प्रकाशन से 2003 मे आई है
650 ## - SUBJECT ADDED ENTRY--TOPICAL TERM
Topical term or geographic name as entry element हिन्दी उपन्यास
650 ## - SUBJECT ADDED ENTRY--TOPICAL TERM
Topical term or geographic name as entry element Hindi Novel
942 ## - ADDED ENTRY ELEMENTS (KOHA)
Institution code [OBSOLETE] dpl
Koha item type Hindi Books
Call number prefix उ / चट्टोपा
Source of classification or shelving scheme Dewey Decimal Classification
Classification part
Call number suffix चट्टोपा
Holdings
Withdrawn status Lost status Damaged status Not for loan Home library Current library Date acquired Cost, normal purchase price Total Checkouts Full call number Barcode Date last seen Copy number Uniform Resource Identifier Cost, replacement price Price effective from Koha item type
        D.B.Act.Division D.B.Act.Division 11/09/2008 80.00   उ चट्टोपा HN-52960 15/09/2008 1 6950 80.00 15/09/2008 Hindi Books

© Delhi Public Library
Hit Counter
free hit counter